|
|
|
|
| LEADER |
01076nam a2200289Ia 4500 |
| 001 |
TVU_26532 |
| 008 |
210423s9999 xx 000 0 und d |
| 041 |
|
|
|a Vie
|
| 082 |
|
|
|a 807.12
|
| 082 |
|
|
|b V300
|
| 100 |
|
|
|a Diệp, Tường Vi
|
| 245 |
|
0 |
|a Dạy học văn nghị luận ở lớp 11 theo định hướng tích hợp
|
| 245 |
|
0 |
|b Luận văn thạc sĩ Lý luận và phương pháp dạy học bộ môn ngữ văn. Ngành: Lý luận và phương pháp dạy học bộ môn ngữ văn
|
| 245 |
|
0 |
|c Diệp Tường Vi ; Trịnh Thị Lan (hướng dẫn khoa học)
|
| 260 |
|
|
|a Trà Vinh
|
| 260 |
|
|
|b Trường Đại học Trà Vinh
|
| 260 |
|
|
|c 2018
|
| 300 |
|
|
|a vii, 103,18 tr.
|
| 300 |
|
|
|b minh họa
|
| 300 |
|
|
|c 27 cm
|
| 504 |
|
|
|a Thư mục: tr.98-103
|
| 650 |
|
|
|a Văn học
|
| 700 |
|
|
|a Diệp Tường Vi; Trịnh Thị Lan
|
| 700 |
|
|
|e người hướng dẫn khoa học
|
| 710 |
|
|
|a Ủy ban Nhân dân tỉnh Trà Vinh
|
| 710 |
|
|
|b Trường Đại học Trà Vinh
|
| 980 |
|
|
|a Trung tâm Học liệu Trường Đại học Trà Vinh
|